<?xml version="1.0" encoding="UTF-8"?>
<record
    xmlns:xsi="http://www.w3.org/2001/XMLSchema-instance"
    xsi:schemaLocation="http://www.loc.gov/MARC21/slim http://www.loc.gov/standards/marcxml/schema/MARC21slim.xsd"
    xmlns="http://www.loc.gov/MARC21/slim">

  <leader>02376nam a2200301Ia 4500</leader>
  <datafield tag="952" ind1=" " ind2=" ">
    <subfield code="0">0</subfield>
    <subfield code="1">0</subfield>
    <subfield code="4">0</subfield>
    <subfield code="7">0</subfield>
    <subfield code="a">04</subfield>
    <subfield code="b">04</subfield>
    <subfield code="d">2011-04-26</subfield>
    <subfield code="l">0</subfield>
    <subfield code="o">HF5651  R35 2008</subfield>
    <subfield code="p">04 003259</subfield>
    <subfield code="r">2013-05-22</subfield>
    <subfield code="t">1</subfield>
    <subfield code="w">2012-06-24</subfield>
    <subfield code="y">LB</subfield>
  </datafield>
  <datafield tag="952" ind1=" " ind2=" ">
    <subfield code="0">0</subfield>
    <subfield code="1">0</subfield>
    <subfield code="4">0</subfield>
    <subfield code="7">0</subfield>
    <subfield code="a">07</subfield>
    <subfield code="b">07</subfield>
    <subfield code="d">2010-08-27</subfield>
    <subfield code="l">0</subfield>
    <subfield code="o">HF5651 R34 2008</subfield>
    <subfield code="p">07 000610</subfield>
    <subfield code="r">2012-06-26</subfield>
    <subfield code="t">1</subfield>
    <subfield code="w">2012-06-26</subfield>
    <subfield code="y">LB</subfield>
  </datafield>
  <datafield tag="952" ind1=" " ind2=" ">
    <subfield code="0">0</subfield>
    <subfield code="1">0</subfield>
    <subfield code="4">0</subfield>
    <subfield code="7">0</subfield>
    <subfield code="a">07</subfield>
    <subfield code="b">07</subfield>
    <subfield code="d">2011-02-04</subfield>
    <subfield code="l">1</subfield>
    <subfield code="o">HF5651 R34 2008</subfield>
    <subfield code="p">07 001808</subfield>
    <subfield code="r">2018-07-02</subfield>
    <subfield code="s">2014-11-29</subfield>
    <subfield code="t">2</subfield>
    <subfield code="w">2012-06-26</subfield>
    <subfield code="y">LB</subfield>
  </datafield>
  <datafield tag="952" ind1=" " ind2=" ">
    <subfield code="0">0</subfield>
    <subfield code="1">0</subfield>
    <subfield code="4">0</subfield>
    <subfield code="7">0</subfield>
    <subfield code="a">07</subfield>
    <subfield code="b">07</subfield>
    <subfield code="d">2011-08-13</subfield>
    <subfield code="l">6</subfield>
    <subfield code="o">HF5651 R34 2008</subfield>
    <subfield code="p">07 002059</subfield>
    <subfield code="r">2019-06-12</subfield>
    <subfield code="s">2019-06-10</subfield>
    <subfield code="t">3</subfield>
    <subfield code="w">2012-06-26</subfield>
    <subfield code="y">LB</subfield>
  </datafield>
  <datafield tag="952" ind1=" " ind2=" ">
    <subfield code="0">0</subfield>
    <subfield code="1">0</subfield>
    <subfield code="2">ddc</subfield>
    <subfield code="4">0</subfield>
    <subfield code="7">0</subfield>
    <subfield code="a">22</subfield>
    <subfield code="b">22</subfield>
    <subfield code="d">2010-08-10</subfield>
    <subfield code="l">7</subfield>
    <subfield code="m">2</subfield>
    <subfield code="o">HF5651 R37 2008</subfield>
    <subfield code="p">17 000218</subfield>
    <subfield code="r">2023-07-28</subfield>
    <subfield code="s">2018-03-07</subfield>
    <subfield code="t">1</subfield>
    <subfield code="w">2012-06-26</subfield>
    <subfield code="y">LB</subfield>
    <subfield code="f"></subfield>
  </datafield>
  <datafield tag="952" ind1=" " ind2=" ">
    <subfield code="0">0</subfield>
    <subfield code="1">0</subfield>
    <subfield code="4">0</subfield>
    <subfield code="7">0</subfield>
    <subfield code="a">18</subfield>
    <subfield code="b">18</subfield>
    <subfield code="d">2010-12-31</subfield>
    <subfield code="l">2</subfield>
    <subfield code="o">HF5651 R35 2008</subfield>
    <subfield code="p">18 000581</subfield>
    <subfield code="r">2019-04-04</subfield>
    <subfield code="s">2019-04-04</subfield>
    <subfield code="t">1</subfield>
    <subfield code="w">2012-06-26</subfield>
    <subfield code="y">LB</subfield>
  </datafield>
  <datafield tag="952" ind1=" " ind2=" ">
    <subfield code="0">0</subfield>
    <subfield code="1">0</subfield>
    <subfield code="4">0</subfield>
    <subfield code="7">0</subfield>
    <subfield code="a">08</subfield>
    <subfield code="b">08</subfield>
    <subfield code="d">2009-02-23</subfield>
    <subfield code="l">1</subfield>
    <subfield code="o">HF5651 R34 2008</subfield>
    <subfield code="p">08 003083</subfield>
    <subfield code="r">2019-07-31</subfield>
    <subfield code="s">2013-03-04</subfield>
    <subfield code="t">1</subfield>
    <subfield code="w">2012-07-20</subfield>
    <subfield code="y">LB</subfield>
  </datafield>
  <datafield tag="952" ind1=" " ind2=" ">
    <subfield code="0">0</subfield>
    <subfield code="1">0</subfield>
    <subfield code="4">0</subfield>
    <subfield code="7">0</subfield>
    <subfield code="a">08</subfield>
    <subfield code="b">08</subfield>
    <subfield code="d">2009-02-12</subfield>
    <subfield code="l">4</subfield>
    <subfield code="o">HF5651 R34 2008</subfield>
    <subfield code="p">08 003084</subfield>
    <subfield code="r">2015-08-29</subfield>
    <subfield code="s">2015-08-29</subfield>
    <subfield code="t">2</subfield>
    <subfield code="w">2012-07-20</subfield>
    <subfield code="y">LB</subfield>
  </datafield>
  <datafield tag="952" ind1=" " ind2=" ">
    <subfield code="0">0</subfield>
    <subfield code="1">0</subfield>
    <subfield code="4">0</subfield>
    <subfield code="7">0</subfield>
    <subfield code="a">08</subfield>
    <subfield code="b">08</subfield>
    <subfield code="d">2009-02-23</subfield>
    <subfield code="l">6</subfield>
    <subfield code="o">HF5651 R34 2008</subfield>
    <subfield code="p">08 003085</subfield>
    <subfield code="r">2018-11-13</subfield>
    <subfield code="s">2018-11-12</subfield>
    <subfield code="t">3</subfield>
    <subfield code="w">2012-07-20</subfield>
    <subfield code="y">LB</subfield>
  </datafield>
  <datafield tag="952" ind1=" " ind2=" ">
    <subfield code="0">0</subfield>
    <subfield code="1">0</subfield>
    <subfield code="4">0</subfield>
    <subfield code="7">0</subfield>
    <subfield code="a">08</subfield>
    <subfield code="b">08</subfield>
    <subfield code="d">2011-03-15</subfield>
    <subfield code="l">1</subfield>
    <subfield code="m">1</subfield>
    <subfield code="o">HF5651 R34 2008</subfield>
    <subfield code="p">08 003905</subfield>
    <subfield code="r">2013-03-16</subfield>
    <subfield code="s">2013-02-23</subfield>
    <subfield code="t">4</subfield>
    <subfield code="w">2012-07-20</subfield>
    <subfield code="y">LB</subfield>
  </datafield>
  <datafield tag="952" ind1=" " ind2=" ">
    <subfield code="0">0</subfield>
    <subfield code="1">0</subfield>
    <subfield code="2">lcc</subfield>
    <subfield code="4">0</subfield>
    <subfield code="7">0</subfield>
    <subfield code="a">21</subfield>
    <subfield code="b">21</subfield>
    <subfield code="d">2012-01-04</subfield>
    <subfield code="l">7</subfield>
    <subfield code="o">HF5651 R34 2008</subfield>
    <subfield code="p">21 000574</subfield>
    <subfield code="r">2019-09-24</subfield>
    <subfield code="s">2019-09-24</subfield>
    <subfield code="t">1</subfield>
    <subfield code="w">2012-07-20</subfield>
    <subfield code="y">LB</subfield>
  </datafield>
  <datafield tag="952" ind1=" " ind2=" ">
    <subfield code="0">0</subfield>
    <subfield code="1">0</subfield>
    <subfield code="4">0</subfield>
    <subfield code="7">0</subfield>
    <subfield code="a">13</subfield>
    <subfield code="b">13</subfield>
    <subfield code="d">2012-07-25</subfield>
    <subfield code="l">3</subfield>
    <subfield code="o">HF5651 R34 2008</subfield>
    <subfield code="p">13 002129</subfield>
    <subfield code="r">2020-02-11</subfield>
    <subfield code="s">2020-02-10</subfield>
    <subfield code="t">1</subfield>
    <subfield code="w">2012-09-05</subfield>
    <subfield code="y">LB</subfield>
  </datafield>
  <datafield tag="952" ind1=" " ind2=" ">
    <subfield code="0">0</subfield>
    <subfield code="1">0</subfield>
    <subfield code="4">0</subfield>
    <subfield code="7">0</subfield>
    <subfield code="a">04</subfield>
    <subfield code="b">04</subfield>
    <subfield code="d">2012-10-03</subfield>
    <subfield code="l">1</subfield>
    <subfield code="o">HF5651 R35 2008</subfield>
    <subfield code="p">04 004079</subfield>
    <subfield code="r">2014-11-25</subfield>
    <subfield code="s">2014-11-23</subfield>
    <subfield code="t">2</subfield>
    <subfield code="w">2012-10-03</subfield>
    <subfield code="y">LB</subfield>
  </datafield>
  <datafield tag="952" ind1=" " ind2=" ">
    <subfield code="0">0</subfield>
    <subfield code="1">0</subfield>
    <subfield code="4">0</subfield>
    <subfield code="7">0</subfield>
    <subfield code="a">14</subfield>
    <subfield code="b">14</subfield>
    <subfield code="d">2010-09-07</subfield>
    <subfield code="l">9</subfield>
    <subfield code="m">1</subfield>
    <subfield code="o">HF5657  R35  2008</subfield>
    <subfield code="p">14 002968</subfield>
    <subfield code="r">2016-05-03</subfield>
    <subfield code="s">2016-04-26</subfield>
    <subfield code="t">1</subfield>
    <subfield code="w">2012-10-28</subfield>
    <subfield code="y">LB</subfield>
  </datafield>
  <datafield tag="952" ind1=" " ind2=" ">
    <subfield code="0">0</subfield>
    <subfield code="1">0</subfield>
    <subfield code="4">0</subfield>
    <subfield code="7">0</subfield>
    <subfield code="a">14</subfield>
    <subfield code="b">14</subfield>
    <subfield code="d">2010-10-13</subfield>
    <subfield code="l">9</subfield>
    <subfield code="m">1</subfield>
    <subfield code="o">HF5657  R35  2008</subfield>
    <subfield code="p">14 003421</subfield>
    <subfield code="r">2016-04-22</subfield>
    <subfield code="s">2016-04-04</subfield>
    <subfield code="t">2</subfield>
    <subfield code="w">2012-10-28</subfield>
    <subfield code="y">LB</subfield>
  </datafield>
  <datafield tag="952" ind1=" " ind2=" ">
    <subfield code="0">0</subfield>
    <subfield code="1">0</subfield>
    <subfield code="2">lcc</subfield>
    <subfield code="4">0</subfield>
    <subfield code="7">0</subfield>
    <subfield code="a">20</subfield>
    <subfield code="b">20</subfield>
    <subfield code="d">2013-01-03</subfield>
    <subfield code="l">76</subfield>
    <subfield code="m">63</subfield>
    <subfield code="o">HF5651 R34 2008</subfield>
    <subfield code="p">20 000972</subfield>
    <subfield code="r">2025-04-29</subfield>
    <subfield code="s">2025-04-11</subfield>
    <subfield code="t">1</subfield>
    <subfield code="w">2013-01-03</subfield>
    <subfield code="y">LB</subfield>
  </datafield>
  <datafield tag="952" ind1=" " ind2=" ">
    <subfield code="0">0</subfield>
    <subfield code="1">0</subfield>
    <subfield code="2">lcc</subfield>
    <subfield code="4">0</subfield>
    <subfield code="7">0</subfield>
    <subfield code="a">20</subfield>
    <subfield code="b">20</subfield>
    <subfield code="d">2013-01-03</subfield>
    <subfield code="l">3</subfield>
    <subfield code="o">HF5651 R34 2008</subfield>
    <subfield code="p">20 000973</subfield>
    <subfield code="r">2024-09-17</subfield>
    <subfield code="s">2024-09-17</subfield>
    <subfield code="t">2</subfield>
    <subfield code="w">2013-01-03</subfield>
    <subfield code="y">LB</subfield>
  </datafield>
  <datafield tag="952" ind1=" " ind2=" ">
    <subfield code="0">0</subfield>
    <subfield code="1">0</subfield>
    <subfield code="2">lcc</subfield>
    <subfield code="4">0</subfield>
    <subfield code="7">0</subfield>
    <subfield code="a">20</subfield>
    <subfield code="b">20</subfield>
    <subfield code="d">2013-01-03</subfield>
    <subfield code="l">0</subfield>
    <subfield code="o">HF5651 R34 2008</subfield>
    <subfield code="p">20 000974</subfield>
    <subfield code="r">2013-01-03</subfield>
    <subfield code="t">3</subfield>
    <subfield code="w">2013-01-03</subfield>
    <subfield code="y">LB</subfield>
  </datafield>
  <datafield tag="952" ind1=" " ind2=" ">
    <subfield code="0">0</subfield>
    <subfield code="1">0</subfield>
    <subfield code="2">lcc</subfield>
    <subfield code="4">0</subfield>
    <subfield code="7">0</subfield>
    <subfield code="a">20</subfield>
    <subfield code="b">20</subfield>
    <subfield code="d">2013-01-03</subfield>
    <subfield code="l">2</subfield>
    <subfield code="o">HF5651 R34 2008</subfield>
    <subfield code="p">20 000975</subfield>
    <subfield code="r">2018-12-03</subfield>
    <subfield code="s">2018-12-03</subfield>
    <subfield code="t">4</subfield>
    <subfield code="w">2013-01-03</subfield>
    <subfield code="y">LB</subfield>
  </datafield>
  <datafield tag="952" ind1=" " ind2=" ">
    <subfield code="0">0</subfield>
    <subfield code="1">0</subfield>
    <subfield code="4">0</subfield>
    <subfield code="7">0</subfield>
    <subfield code="a">19</subfield>
    <subfield code="b">19</subfield>
    <subfield code="d">2015-09-21</subfield>
    <subfield code="l">0</subfield>
    <subfield code="o">HF5651 R35 2008</subfield>
    <subfield code="p">19 000412</subfield>
    <subfield code="r">2013-09-13</subfield>
    <subfield code="t">1</subfield>
    <subfield code="w">2013-09-13</subfield>
    <subfield code="y">LB</subfield>
  </datafield>
  <datafield tag="952" ind1=" " ind2=" ">
    <subfield code="0">0</subfield>
    <subfield code="1">0</subfield>
    <subfield code="4">0</subfield>
    <subfield code="7">0</subfield>
    <subfield code="a">19</subfield>
    <subfield code="b">19</subfield>
    <subfield code="d">2015-01-06</subfield>
    <subfield code="l">0</subfield>
    <subfield code="o">HF5651 R35 2008</subfield>
    <subfield code="p">19 000413</subfield>
    <subfield code="r">2013-09-13</subfield>
    <subfield code="t">2</subfield>
    <subfield code="w">2013-09-13</subfield>
    <subfield code="y">LB</subfield>
  </datafield>
  <datafield tag="952" ind1=" " ind2=" ">
    <subfield code="0">0</subfield>
    <subfield code="1">0</subfield>
    <subfield code="2">lcc</subfield>
    <subfield code="4">0</subfield>
    <subfield code="7">0</subfield>
    <subfield code="a">03</subfield>
    <subfield code="b">03</subfield>
    <subfield code="d">2014-09-23</subfield>
    <subfield code="l">1</subfield>
    <subfield code="o">HF5651 R37 2008</subfield>
    <subfield code="p">03 007040</subfield>
    <subfield code="r">2019-06-20</subfield>
    <subfield code="s">2019-06-20</subfield>
    <subfield code="t">1</subfield>
    <subfield code="w">2014-09-23</subfield>
    <subfield code="y">LB</subfield>
  </datafield>
  <datafield tag="999" ind1=" " ind2=" ">
    <subfield code="c">62755</subfield>
    <subfield code="d">62755</subfield>
  </datafield>
  <controlfield tag="008">120625s2008    mx            001 0 spa d</controlfield>
  <datafield tag="020" ind1=" " ind2=" ">
    <subfield code="a">9789701066300</subfield>
  </datafield>
  <datafield tag="050" ind1=" " ind2="4">
    <subfield code="a">HF5651 </subfield>
    <subfield code="b">R35 2008</subfield>
  </datafield>
  <datafield tag="100" ind1="1" ind2=" ">
    <subfield code="a">Ram&#xED;rez Padilla, David Noel</subfield>
    <subfield code="e"> , autor</subfield>
  </datafield>
  <datafield tag="245" ind1="1" ind2="0">
    <subfield code="a">Contabilidad administrativa </subfield>
    <subfield code="c"> / David Noel Ram&#xED;rez Padilla</subfield>
  </datafield>
  <datafield tag="250" ind1=" " ind2=" ">
    <subfield code="a">8a. edici&#xF3;n</subfield>
  </datafield>
  <datafield tag="260" ind1=" " ind2=" ">
    <subfield code="a">M&#xE9;xico</subfield>
    <subfield code="b"> : McGraw Hill</subfield>
    <subfield code="c"> , 2008</subfield>
  </datafield>
  <datafield tag="300" ind1=" " ind2=" ">
    <subfield code="a">xv, 607 p&#xE1;ginas </subfield>
  </datafield>
  <datafield tag="505" ind1="0" ind2=" ">
    <subfield code="a">El papel de la informaci&#xF3;n contable en la administraci&#xF3;n de las empresas competitivas
Conceptos, clasificaciones y comportamiento de los costos
Sistemas de informaci&#xF3;n administrativa contempor&#xE1;neos
Filosof&#xED;as administrativas contempor&#xE1;neas
El modelo o relaci&#xF3;n costo-vol&#xFA;men-utilidad
Sistema de Costeo
La planeaci&#xF3;n y el presupuesto maestro
El papel de la informaci&#xF3;n administrativa en la toma de decisiones a corto plazo
El papel de la informaci&#xF3;n financiera en la evaluaci&#xF3;n de proyectos de inversi&#xF3;n 
La descentralizaci&#xF3;n y evaluaci&#xF3;n del desempe&#xF1;o
Empresas de servicios
Contabilidad estrat&#xE9;gica
La responsabilidad social de la empresa  
La descentralizaci&#xF3;n y la evaluaci&#xF3;n del desempe&#xF1;o</subfield>
  </datafield>
  <datafield tag="519" ind1=" " ind2=" ">
    <subfield code="a">Plan Flexible / </subfield>
    <subfield code="b">Maestr&#xED;a en Administraci&#xF3;n de Negocios / </subfield>
    <subfield code="c">Contabilidad y Toma de Decisiones (B03-1)  / </subfield>
    <subfield code="d">(22 001448)</subfield>
  </datafield>
  <datafield tag="519" ind1=" " ind2=" ">
    <subfield code="a">Plan Flexible / </subfield>
    <subfield code="b">Contadur&#xED;a / </subfield>
    <subfield code="c">T&#xF3;picos Actuales (P28-1) / </subfield>
    <subfield code="d">(17 000218) </subfield>
  </datafield>
  <datafield tag="519" ind1=" " ind2=" ">
    <subfield code="a">Plan Flexible / </subfield>
    <subfield code="b">Administraci&#xF3;n de Empresas Tur&#xED;sticas / </subfield>
    <subfield code="c">Finanzas (B11) / </subfield>
    <subfield code="d">(20 000972 ; 20 000973)</subfield>
  </datafield>
  <datafield tag="519" ind1=" " ind2=" ">
    <subfield code="a">Plan Flexible / </subfield>
    <subfield code="b">Contadur&#xED;a / </subfield>
    <subfield code="c">T&#xF3;picos Actuales (P28) / </subfield>
    <subfield code="d">(20 000974)</subfield>
  </datafield>
  <datafield tag="519" ind1=" " ind2=" ">
    <subfield code="a">Plan Flexible / </subfield>
    <subfield code="b">Gastronom&#xED;a / </subfield>
    <subfield code="c">Finanzas (B10) / </subfield>
    <subfield code="d">(20 000975)</subfield>
  </datafield>
  <datafield tag="519" ind1=" " ind2=" ">
    <subfield code="a">Plan Flexible / </subfield>
    <subfield code="b">Maestr&#xED;a en Administraci&#xF3;n en Negocios  / </subfield>
    <subfield code="c">Contabilidad y Toma de Decisiones (B03-1) / </subfield>
    <subfield code="d">(03 007040)</subfield>
  </datafield>
  <datafield tag="519" ind1=" " ind2=" ">
    <subfield code="a">Plan Flexible / </subfield>
    <subfield code="b">Contadur&#xED;a / </subfield>
    <subfield code="c">Contabilidades Especiales (P29-) / </subfield>
    <subfield code="d">(04 004079)</subfield>
  </datafield>
  <datafield tag="519" ind1=" " ind2=" ">
    <subfield code="a">Plan Flexible / </subfield>
    <subfield code="b">Contadur&#xED;a / </subfield>
    <subfield code="c">Fundamentos de Contabilidad (B20-2) / </subfield>
    <subfield code="d">(19 000412 ; 19 000413)</subfield>
  </datafield>
  <datafield tag="519" ind1=" " ind2=" ">
    <subfield code="a">Plan Flexible / </subfield>
    <subfield code="b">Maestr&#xED;a en Administraci&#xF3;n de Negocios / </subfield>
    <subfield code="c">Contabilidad y Toma de Decisiones (B03-1) / </subfield>
    <subfield code="d">(18 000581)</subfield>
  </datafield>
  <datafield tag="650" ind1=" " ind2="4">
    <subfield code="a">INFORMACI&#xD3;N ADMINISTRATIVA</subfield>
  </datafield>
  <datafield tag="650" ind1=" " ind2="4">
    <subfield code="a">CONTABILIDAD ESTRAT&#xC9;GICA</subfield>
  </datafield>
  <datafield tag="942" ind1=" " ind2=" ">
    <subfield code="c">LB</subfield>
  </datafield>
</record>
